000 01568ngm a22004572a 4500
001 on1442518007
003 MWT
005 20240715150056.0
007 vd cvaizs
008 240715s2024 xxu101 e vleng d
040 _aMidwest
020 _a
_c$26.99
024 1 _a843501042892
028 4 2 _a17008853
245 0 0 _aLonglegs
_h[videorecording].
250 _aWidescreen ed.
260 _a[United States] :
_bNeon,
_c2024.
300 _a1 videodisc (ca. 101 min.) :
_bsd., col. ;
_c4 3/4 in.
500 _a09/10/2024
511 1 _aMaika Monroe, Nicolas Cage, Blair Underwood, Alicia Witt, Michelle Choi-Lee, Dakota Daulby, Lauren Acala, Kiernan Shipka, Maila Hosie, Jason Day.
508 _aDirector, Oz Perkins.
538 _aDVD.
546 _aEnglish audio; English subtitles.
521 8 _aMPAA rating: R.
520 _aIn pursuit of a serial killer, an FBI agent uncovers a series of occult clues that she must solve to end his terrifying killing spree.
650 4 _aCrime.
650 4 _aHorror.
650 4 _aSuspense/Thriller.
655 4 _aHorror.
700 1 _aMonroe, Maika
_95962735
700 1 _aCage, Nicolas
_95929673
700 1 _aUnderwood, Blair
_961427
700 1 _aWitt, Alicia
_95903175
700 1 _aChoi-Lee, Michelle
_96490517
700 1 _aDaulby, Dakota
_96233023
700 1 _aAcala, Lauren
_96490518
700 1 _aShipka, Kiernan
_96200860
700 1 _aHosie, Maila
_96490519
700 1 _aDay, Jason
_96490520
856 7 _3View cover art
_uhttps://thumbnail.midwesttape.com/17008853_180.jpg
_2https
999 _c398457
_d398457